01369nam a2200361Ia 4500001001200000003000800012006001900020007001500039008004100054010001700095020001500112020001500127040002100142035002100163050002400184082001400208100001900222245013600241260006000377300001600437490002800453504005100481533015200532650003200684650003800716650001900754650001600773655002900789710001700818830002900835856012600864999001700990ebr10150380CaPaEBRm u cr cn|||||||||060117s2006 enk sb 001 0 eng d z 2006041581 z1403983631 z1403971803 aCaPaEBRcCaPaEBR a(OCoLC)56796494614aJZ1308b.S76 2006eb04a341.22221 aSteffek, Jens.10aEmbedded liberalism and its criticsh[electronic resource] :bjustifying global governance in the American century /cJens Steffek. aLondon, ;aNew York, N.Y. :bPalgrave Macmillan,c2006. axii, 213 p.1 aNew visions in security aIncludes bibliographical references and index. aElectronic reproduction.bPalo Alto, Calif. :cebrary,d2009.nAvailable via World Wide Web.nAccess may be limited to ebrary affiliated libraries. 0aInternational organization. 0aInternational economic relations. 0aGlobalization. 0aLiberalism. 7aElectronic books.2local2 aebrary, Inc. 0aNew visions in security.40uhttp://site.ebrary.com/lib/rucke/Doc?id=10150380zAn electronic book accessible through the World Wide Web; click to view c94578d94578